Postacie z Detroit: Become Human - Statystyki

Ogólne statystyki
  • Ten quiz został rozwiązany 13 razy
  • Średni wynik to 16 z 30
Statystyki odpowiedzi
Podpowiedź % Poprawnych
Android Detektyw
100%
Główny Policjant
92%
Android Pokojówka
92%
Android Opiekun/Buntownik
92%
Dziecko Android
75%
Pies policjanta
75%
Główna Antagonistka
67%
Twórca CyberLife
67%
Ochroniarz Kary i Alice
67%
Przyjaciel Markusa (Blondyn)
67%
Malarz
58%
Defekt który trzymał zakładniczkę na krawędzi dachu wierzowca
58%
Przyjaciel Markusa który nie chce rewolucji
58%
Syn Malarza
58%
"Ojciec" Alice
58%
Ukochana Markusa
50%
Pomaga androidom przejść przez granicę
50%
Androidka w Menu
42%
Robił Androidy Potwory
42%
Syn Rose
33%
Ofiara Androida wspomnianego powyżej
33%
Syn Głównego Policjanta
33%
Opiekunka w Jerychu (mocno zniszczona)
33%
Niebieskowłosa ***** z klubu Eden
33%
Rudowłosa ***** z klubu Eden
33%
Szef Policji Detroit
25%
Agent FBI
25%
Defekt który uciekał po dachach i dokarmiał gołębie
25%
Chamski Policjant
8%
Android Carlosa Ortiza (model)
8%
Nie znaleziono quizów pasujących do podanych kryteriów
Rozkład punktacji
Procent ludzi z każdym wynikiem
Percentyl według liczby udzielonych odpowiedzi
Twoja historia wyników
Nie rozwiązałeś tego quizu